[Event "POL-ch (Public Admin) 3rd rapid"]
[Site "Warsaw"]
[Date "2017.12.09"]
[Round "1.3"]
[White "Sachnowski, Michal"]
[Black "Kukula, Pawel"]
[Result "0-1"]
[WhiteElo "1640"]
[BlackElo "2250"]
[PlyCount "44"]
[EventDate "2017.12.09"]
[EventType "swiss (rapid)"]
[EventRounds "9"]
[EventCountry "POL"]
[SourceTitle "CBM 182 Extra"]
[Source "ChessBase"]
[SourceDate "2018.02.23"]
[SourceVersion "1"]
[SourceVersionDate "2018.02.23"]
[SourceQuality "1"]

1. d4 f5 2. e4 fxe4 3. f3 d5 4. fxe4 dxe4 5. Bc4 Nf6 6. Bg5 Bg4 7. Ne2 c6 8. 0-0 Nbd7 9. Nbc3 Qb6 10. Rf4 e5 11. Rxg4 Nxg4 12. Nxe4 Ngf6 13. Be6 Nxe4 14. Bxd7+ Kxd7 15. Be3 Nd6 16. Qd2 Nc4 17. Qd3 Nxe3 18. Qxe3 Bd6 19. Rd1 Rae8 20. Qh3+ Kc7 21. Kh1 exd4 22. Nxd4 Qxd4 0-1